| 000 -LEADER |
| fixed length control field |
00584cam a22001457a 4500 |
| 008 - FIXED-LENGTH DATA ELEMENTS--GENERAL INFORMATION |
| fixed length control field |
180718b1967 xxu||||| |||| 00| 0 eng d |
| 082 ## - DEWEY DECIMAL CLASSIFICATION NUMBER |
| Classification number |
T206x54 In2f |
| 100 ## - MAIN ENTRY--PERSONAL NAME |
| Personal name |
India. Committee on Foreign Collaboration |
| 245 ## - TITLE STATEMENT |
| Title |
Report of the Committee on Foreign Collaboration |
| Statement of responsibility, etc. |
by Department of Industrial Development, Ministry of Industry |
| 260 ## - PUBLICATION, DISTRIBUTION, ETC. |
| Place of publication, distribution, etc. |
Delhi |
| Name of publisher, distributor, etc. |
The Ministry of Publications |
| Date of publication, distribution, etc. |
1967 |
| 300 ## - PHYSICAL DESCRIPTION |
| Extent |
20+p. |
| 500 ## - GENERAL NOTE |
| General note |
Chairman: A. Ramaswamy Mudaliar |
| 700 ## - ADDED ENTRY--PERSONAL NAME |
| Personal name |
India. Ministry of Industry. Department of Industrial Development |
| 700 ## - ADDED ENTRY--PERSONAL NAME |
| Personal name |
Mudaliar, M. Ramaswami (Chairman) |